00490nam a2200109Ia 4500008004100000050002400041100002600065245014500091260008600236300002800322521003000350140724s9999 xx 000 0 und d aHD 58.8b.M578 2009 aMesa, Rainier Philip. aChange management in the freight forwarding department at Lee-Mesa-Cruz logistic as a result of ISO certification /cRainier Philip A. Mesa. aLas Piñas, Philippines :bSouthville International School and Colleges,cc2009. a53 p. ;bill. ;c28 cm. aHuman Resource Management